000
00326nam a22001457a 4500
003
SGT
020
_a
978-93-85891-07-6
082
_a
616.024
_b
H16G
100
_a
GUHA, SANTANU
245
_a
HB. OF CARDIAC CRITICAL CARE
260
_a
INDIA
_b
JAYPEE
_c
2016
300
_a
466
650
_a
CRITICAL CARE
942
_2
ddc
_c
BK
_0
9
999
_c
10902
_d
10902